000 00672nam a2200217Ia 4500
005 20250508162132.0
008 008 250505s9999 xx 000 0 eng d
020 _a0-7100-7279-1
037 _aTextual
040 _aFEDL
_beng
_cFEDL
041 _aeng
_2eng
084 _a370.1, SNO
_qFEDL
100 _aSnook I. A. Ed.
_976254
245 0 _aConcepts of indoctrination : Philosophical essays
260 _aLondon, UK
_bRoutledge and Kegan Paul
_c1972
300 _axiv,210p
490 _aInternational library of the philosophy of education
650 _aEducation - Philosolphy
_9756482
942 _cTEXL
_h370.1, SNO
999 _c1374590
_d1374590